Settling in: OECD indicators of immigrant integration 2012
Guardado en:
| Formato: | Libro |
|---|---|
| Lenguaje: | inglés |
| Publicado: |
Paris
OECD
2012
|
| Materias: | |
| Etiquetas: |
Sin Etiquetas, Sea el primero en etiquetar este registro!
|
MARC
| LEADER | 00000nam a2200000 4500 | ||
|---|---|---|---|
| 001 | 0175280 | ||
| 005 | 20240315121222.2 | ||
| 020 | |a 978-92-64-17152-7 | ||
| 041 | 0 | |a eng | |
| 044 | |a FR | ||
| 245 | 1 | 0 | |a Settling in: OECD indicators of immigrant integration 2012 |
| 264 | 1 | |a Paris |b OECD |c 2012 | |
| 300 | |a 154 s. | ||
| 610 | 2 | 0 | |a migrácia |
| 610 | 2 | 0 | |a integrácia |
| 610 | 2 | 0 | |a politika bytová |
| 610 | 2 | 0 | |a starostlivosť zdravotná |
| 610 | 2 | 0 | |a vzdelávanie |
| 610 | 2 | 0 | |a trh práce |
| 610 | 2 | 0 | |a diskriminácia |